| 000 | 00920nam a22002291a 4500 | ||
|---|---|---|---|
| 005 | 20250331185241.0 | ||
| 008 | 130108e200900 sp a | 000 0 spa c | ||
| 020 | _a9788496699397 | ||
| 040 |
_aCO-CtgCURN _bspa _ccoctgcurn |
||
| 080 | _a615.821 | ||
| 082 | 0 | 4 |
_a646.75 _bG952 |
| 245 | 0 | 0 |
_aDrenaje linfático manual y mecánico en estética / _cIsabel Guijarro; José Manuel Carbajo, Ma. del Rocío Jiménez, Francisco Jesús Lozano, Luis Muñoz [coautores]; coordinación a cargo de Paloma López. |
| 260 |
_a[Madrid] : _bVideocinco, _cDL 2009. |
||
| 300 |
_a279 páginas : _bilustraciones en color ; _c28 cm. |
||
| 504 | _aBibliografía: p. 279. | ||
| 650 | 7 |
_aDrenaje linfático. _2lemac |
|
| 650 | 0 | _aCuidados de estética. | |
| 700 | 1 | _aGuijarro, Isabel. | |
| 700 | 1 | _aLópez Mardomingo, Paloma. | |
| 942 |
_aMHC _cBK _h646.75 _iG952 _2ddc |
||
| 999 |
_c24122 _d24122 |
||